| 000 | 00740nam a2200217Ia 4500 | ||
|---|---|---|---|
| 003 | GCL | ||
| 008 | 140319s9999 xx 000 0 ara d | ||
| 020 | _a731 85516 1 | ||
| 040 |
_aGCL / _cGCL |
||
| 082 | 0 | 4 |
_a305.42 _bا ن |
| 100 | 1 | _aابراهيم الحيدرى | |
| 245 | 1 | 0 |
_aالنظام الابوى واشكالية الجنس عند العرب / _cابراهيم الحيدرى |
| 250 | _aالاولى | ||
| 260 |
_aبيروت : _bدار الساقى ، _c2003 |
||
| 300 |
_a432 ص ؛ _c24 سم |
||
| 650 | 0 | 4 | _aالمرأة فى الحياة العامة |
| 650 | 0 | 4 | _aحقوق المرأة |
| 650 | 0 | 4 | _aالمرأة - احوال اجتماعية |
| 650 | 0 | 4 | _aالمرأة - السلوك الجنسى |
| 942 |
_2ddc _cBK |
||
| 999 |
_c9963 _d9963 |
||